Normal view
MARC view
Entry Personal Name
001 - CONTROL NUMBER
- control field: 30320
003 - CONTROL NUMBER IDENTIFIER
- control field: dpl
005 - DATE AND TIME OF LATEST TRANSACTION
- control field: 20110728142107.0
008 - FIXED-LENGTH DATA ELEMENTS
- fixed length control field: 110728|||a|||||| | ||| d
040 ## - CATALOGING SOURCE
- Original cataloging agency: dpl
- Transcribing agency: dpl
100 ## - HEADING--PERSONAL NAME
- Personal name: Nagarajan, K.S.
670 ## - SOURCE DATA FOUND
- Source citation: Work cat.: (dpl)54467: Nagarajan, K.S., Grandfather goes on strike /, 2009.
670 ## - SOURCE DATA FOUND
- Source citation: Work cat.: (dpl)54467: Nagarajan, K.S., Grandfather goes on strike /, 2009.
